000 01290nam a2200373 c 4500
999 _c153984
_d153984
003 BLK
005 20250405122123.0
008 180410b bul|||||r ||||||| ||bul||
010 _aKNG00160550000
020 _a9786191521180
040 _aBLK
041 _aBUL
_cBUL
072 7 _2bullib
_aН83
_xЧужда художествена литература Н
080 _aФренска литература
_b821.133.1
_x-31
_z821.133.1-31
100 1 _aМюсо, Гийом
_eпърви автор
_9291666
139 _aМюсо, Гийом
_bМ 98
245 1 0 _aХартиеното момиче
_bРоман
_cГийом Мюсо; прев. от фр. Недка Капралова.
257 _aFRA
260 _aСофия
_bИзток-Запад
_c2012
300 _a329 с.
_c22 см
380 _aX
490 1 _aMagica
500 _aОриг. загл.: La fille de papier / Guillaume Musso.
659 _aН
700 1 _aКапралова, Недка Неделчева
_eпрев. от фр.
_9380672
852 _aЦб 268700
856 4 _qpdf
856 4 _qpdf
942 _cKNG
_n0
_046
_s1
944 _aCR
_c12.05.2014
_k30575
_lМартин Енчев
944 _aED
_c26.01.2015
_kГрета_Цуфелде
999 _d153984
999 _d153984